Сараевская фуга : (Record no. 222060)
[ view plain ]
| 000 -LEADER | |
|---|---|
| fixed length control field | 00993nam a2200193 i 4500 |
| 001 - CONTROL NUMBER | |
| control field | 000633959 |
| 003 - CONTROL NUMBER IDENTIFIER | |
| control field | AM-YeHGA |
| 005 - DATE AND TIME OF LATEST TRANSACTION | |
| control field | 20250617140540.0 |
| 008 - FIXED-LENGTH DATA ELEMENTS--GENERAL INFORMATION | |
| fixed length control field | 090219s1987 ru r 000 0 rus d |
| 040 ## - CATALOGING SOURCE | |
| Original cataloging agency | AM-YeHGA |
| 041 1# - LANGUAGE CODE | |
| Language code of text/sound track or separate title | rus |
| Language code of original | scc |
| 090 ## - LOCALLY ASSIGNED LC-TYPE CALL NUMBER (OCLC); LOCAL CALL NUMBER (RLIN) | |
| -- | 223594 |
| 100 1# - MAIN ENTRY--PERSONAL NAME | |
| Personal name | Трифкович, Ристо |
| 245 10 - TITLE STATEMENT | |
| Title | Сараевская фуга : |
| Remainder of title | Рассказы : Перевод с сербскохорватского / |
| Statement of responsibility, etc. | Ристо Трифкович. |
| 260 ## - PUBLICATION, DISTRIBUTION, ETC. | |
| Place of publication, distribution, etc. | Москва : |
| Name of publisher, distributor, etc. | Радуга, |
| Date of publication, distribution, etc. | 1987. |
| 300 ## - PHYSICAL DESCRIPTION | |
| Extent | 253,[1] с. : |
| Other physical details | ил. ; |
| Dimensions | 20 см. |
| 505 0# - FORMATTED CONTENTS NOTE | |
| Formatted contents note | Содерж.: Как Танасий Белозуб стал отрядным кашеваром; Драган; Люди из нашего отряда; Песня; Ночная операция; На распутье; Данило и смерть; Недоразумение; Смысл сна; Над кронами деревьев, и др. рассказы |
| 650 14 - SUBJECT ADDED ENTRY--TOPICAL TERM | |
| Topical term or geographic name entry element | Сербская литература |
| Withdrawn status | Lost status | Damaged status | Not for loan | Collection | Home library | Current library | Date acquired | Total checkouts | Full call number | Barcode | Date last seen | Price effective from | Koha item type | Public note |
|---|---|---|---|---|---|---|---|---|---|---|---|---|---|---|
| General | Fundamental Scientific Library | Fundamental Scientific Library | 29/12/2016 | PII/576087 | FL0097825 | 29/12/2016 | 29/12/2016 | Գրքեր / Books | 30 Days Loan |
ՀՀ Գիտությունների ազգային ակադեմիայի հիմնարար գիտական գրադարան = Fundamental Scientific Library of NAS RA
All site content, except where otherwise noted, is licensed under a